00405nam a2200145Ia 4500100002000000942000700020654003000027245003000057260003700087082000800124300000800132546001200140999001700152952009000169 aHampton/John.J  cBK aFinancial Decision Making aFinancial Decision Making bPrentice Hall of IndiaaNewDelhi a658 a550 aENGLISH c29292d29292 001040708AFTaCRCEbCRCEd2023-03-17l0o658 pAFT7746r2023-03-17w0000-00-00yBK